000 00599nam a2200229Ia 4500
003 OSt
005 20220918200825.0
006 a|||||r|||| 00| 0
007 ta
008 220917b |||||||| |||| 00| 0 eng d
024 _a90,456
037 _cTextual
040 _aARTS
_cARTS
_beng
041 _2eng
_aeng
082 _aU8:6wN07, K0;1 (906)
100 _aHuxley Elspeth
_956266
245 0 _aNew Earth
_b an experiment in colonialism
260 _c1960
650 _aGEOGRAPHY
942 _hU8:6wN07, K0;1 (906)
_cTEXL
_2CC
999 _c214119
_d214119